Elden Ring Remembrance Bosses (with DLC) - Statistics

General Stats
  • This quiz has been taken 4,532 times
    2,855 since last reset
  • The average score is 17 of 25
Answer Stats
Answer % Correct
Remembrance of the Starscourge
94%
Remembrance of the Grafted
93%
Remembrance of the Omen King
88%
Elden Remembrance
87%
Remembrance of the Rot Goddess
85%
Remembrance of Hoarah Loux
84%
Remembrance of the Full Moon Queen
84%
Remembrance of the Black Blade
80%
Remembrance of the Fire Giant
78%
Remembrance of the Blasphemous
75%
Remembrance of the Blood Lord
75%
Remembrance of the Impaler
75%
Remembrance of the Twin Moon Knight
75%
Remembrance of the Dragonlord
69%
Remembrance of a God and a Lord
67%
Remembrance of the Dancing Lion
64%
Remembrance of the Naturalborn
64%
Remembrance of the Lichdragon
56%
Remembrance of the Lord of Frenzied Flame
56%
Remembrance of the Saint of the Bud
54%
Remembrance of the Regal Ancestor
51%
Remembrance of the Mother of Fingers
50%
Remembrance of the Wild Boar Rider
50%
Remembrance of the Shadow Sunflower
43%
Remembrance of Putrescence
42%
No matching quizzes found
Score Distribution
Percent of People with Each Score
Percentile by Number Answered
Your Score History
You have not taken this quiz since the last reset